006980000a22001570004500008004100000082001500041245008500056260003700141300004100178500015300219650003200372700002400404942000700428952009000435999001500525230817t ||||| |||| 00| 0 eng d a305.4bROL aRole of rural women in development : breport of an international study seminar  aBombay:bAllied Pubishers,c1978 aviii, 125 p. : 23 cmbIndex included areport of an international study seminar held at the Institute of Development Studies, University of Sussex, U.K., 5th January to 10th February 1977 a Women in rural development aMazumdar, Vinaeed. cRP 00104070aMAINbMAINd2023-08-17l0o305.4 ROLpRAF3237r2023-08-17w2023-08-17yRP c1576d1576